000 00670nam a2200217 u 4500
005 20240910063941.0
008 111107s2000 mx r 000 0 spa d
020 _a9681907175
035 _aUPN01000182436
049 _aI
050 4 _aPR6056 I5.3
_bB5.4
100 1 _aFine, Anne,
_d1947-
_932270
245 1 0 _aBilly y el vestido rosa /
_cAnne Fine ; il. Philippe Dupasquier ; tr. Ana Pérez.
260 _aMéxico :
_bAlfaguara,
_c2000.
300 _a94 p. :
_bil.
440 0 _aAlfaguara infantil
534 _pTraducción de:
_tBill's new frock
650 0 _aLiteratura infantil inglesa
_911046
650 4 _aNiños en la literatura
_914415
905 _aInfantil
999 _c154539
_d154539